| 000 | 00719nam a2200217 a 4500 | ||
|---|---|---|---|
| 001 | |||
| 003 | OSt | ||
| 005 | 20201008090830.0 | ||
| 008 | 110509s19uu dr a 000 0 spa d | ||
| 040 |
_aDO-SdBNP _bspa _cDO-SdBNP |
||
| 049 | _a | ||
| 082 |
_axxx _bU76r |
||
| 100 | 1 |
_aUribe, Rafael _956959 |
|
| 245 | 1 | 0 |
_aReglas softbol ilustradas 1982-1983 / _cRafael Uribe. |
| 260 |
_aSanto Domingo : _bCentro de Capacitación Técnica deportiva _c[19--?]. |
||
| 300 |
_a26 p. : _bil. ; _c23 cm. |
||
| 710 |
_aFederación Dominicana de Softbol Aficionado (República Dominicana) _976798 |
||
| 710 |
_aFederación Dominicana de Árbitros y Anotadores (República Dominicana) _976799 |
||
| 942 |
_2ddc _cLF1 |
||
| 956 | _aVMateo | ||
| 999 |
_c29773 _d29773 |
||